000
00303nam a22001337a 4500
008
170915b xxu||||| |||| 00| 0 eng d
020
_a
9780816049196
041
_a
eng
080
_a
7
100
_a
44
101
_a
ART
245
_a
HISTORICAL ATLAS THE CRUSADES
_c
KONSTAM.A
942
_2
udc
_c
BK
999
_c
27783
_d
27783